Viure a Olost i Santa Creu : passat i present / passat i present /

ISBN: 9791399024371
Publicado: [Prats de Lluçanès] : [Olost] : Editorial Cal Siller ; Ajuntament d'Olost , 2025
Descripción Física: 1 volum, 250 pàgines) : il·lustracions (algunes en color) ; 25 cm
Idioma: Catalán

MARC

LEADER 00000nam a2200000 i 4500
001 29267
003 AGDB
005 20260324181545.0
008 251003e202508 spcado| ||||o0|0 0 cat|
015 |a LL2025  |2 bnc 
017 |a B 15083-2025 (volum 1)  |b Biblioteca de Catalunya 
020 |a 9791399024371 
040 |a ES-BaBC  |b cat  |e rda  |c ES-BaBC 
043 |a e-sp---  |b e-spcls  |2 catmarc 
080 |a 94  |x (460.23 Llu Olost)  |2 2004 
080 |a 910.4  |x (460.23 Llu Olost)  |2 2004 
245 0 0 |a Viure a Olost i Santa Creu :  |b passat i present /  |c coordinació: Josep Griera i Arola ; textos introductoris als capítols: Ramon Breu i Panyella 
250 |a 1a edició :  |b Agost de 2025 
264 1 |a [Prats de Lluçanès] :  |b Editorial Cal Siller ;  |a [Olost] :  |b Ajuntament d'Olost,  |c 2025 
300 |a 1 volum, 250 pàgines) :  |b il·lustracions (algunes en color) ;  |c 25 cm 
336 |a text  |b txt  |2 rdacontent 
500 |a És el vol. 1 d'una obra de 2 volums 
500 |a Dedicatòria a la portadella 
504 |a Bibliografia: pàgines [251]-[253] 
505 8 |a Conté: 1. Activitats econòmiques 2. L'Ajuntament 3. La sanitat 
651 7 |a Olost (Catalunya)  |x Història  |2 lemac 
651 7 |a Olost (Catalunya)  |x Descripcions i viatges  |2 lemac 
700 1 |a Griera i Arola, Josep,  |e editor literari 
700 1 |a Breu, Ramon,  |e escriptor d'un text addicional 
710 1 |a Olost (Catalunya).  |b Ajuntament,  |e entitat editora 
908 |a BC 
940 |a BC 
942 |2 udc  |c ARXIU  |n 1 
952 |0 0  |1 0  |2 udc  |4 0  |6 BIB1406  |7 1  |9 98999  |a Arxiu  |b Arxiu  |d 2026-01-22  |l 0  |o Bib-1406  |p 29267  |r 2026-01-22 13:35:02  |w 2026-01-22  |y ARXIU 
999 |c 130665  |d 130665